Parole che contengono… #1 - Statistics

Statistiche generali
  • Questo quiz è stato fatto 195 volte
  • Il punteggio medio è 7 su 15
Statistiche sulle risposte
Hint Risposta % Corretto
UBBIO BUBBIO, CARRUBBIO, DUBBIO ecc.
99%
MONIO ACRIMONIOSA, ACRIMONIOSE, ACRIMONIOSI ecc.
92%
AFFL AFFLA, AFFLAI, AFFLAMMO ecc.
73%
QUIS ACQUISENDO, ACQUISENTE, ACQUISENTI ecc.
71%
SSASS ABBASSASSE, ABBASSASSERO, ABBASSASSI ecc.
67%
LLANE ANTILLANE, ATELLANE, AVELLANE ecc.
65%
UTTUO FLUTTUO, FLUTTUOSA, FLUTTUOSE ecc.
55%
AUDIC CLAUDICA, CLAUDICAI, CLAUDICAMMO ecc.
40%
ORTOC AORTOCORONARICA, AORTOCORONARICHE, AORTOCORONARICI ecc.
31%
LLAGR ANTIPELLAGROSA, ANTIPELLAGROSE, ANTIPELLAGROSI ecc.
22%
TEROS ATEROSCLEROSI, ATEROSCLEROTICA, ATEROSCLEROTICHE ecc.
16%
OPROL COPROLALIA, COPROLALICA, COPROLALICHE ecc.
11%
SPN DISPNEA, DISPNEE, DISPNOICA ecc.
10%
COPOM PSICOPOMPA, PSICOPOMPE, PSICOPOMPI ecc.
1%
XEROC XEROCOPI, XEROCOPIA, XEROCOPIAI ecc.
1%
Nessun quiz corrispondente trovato
Distribuzione punteggi
Percentuale di utenti per punteggio
Percentile per numero di risposta
I tuoi punteggi nel tempo
Non hai fatto questo quiz